Testovanie rezných nástrojov vyrobených aditívnou technológiou

Salvato in:
Dettagli Bibliografici
Autore principale: Ábel, Pavol (Autore)
Altri autori: Pokorný, Peter (Relatore della tesi)
Natura: Manoscritto Libro
Lingua:slovacco
Pubblicazione: 2023
Soggetti:
Accesso online:http://is.stuba.sk/zp/portal_zp.pl?podrobnosti=171039
Tags: Aggiungi Tag
Nessun Tag, puoi essere il primo ad aggiungerne!!

MARC

LEADER 00000ntm a22000003a 4500
001 stuzp93360
003 SK-STU
005 20230909214758.5
007 ta
008 150427s2015----xo-----f-mn---000-0-slo-d
040 |a STU  |b slo 
041 0 |a slo 
100 1 |a Ábel, Pavol  |u 063000  |4 aut  |U MTF Materiálovotechnologická fakulta  |T MTF Ústav výrobných technológií  |X 116965  |U M3000  |Y 83  |7 116965 
242 0 1 |a Testing of cutting tools made with additive technology  |y eng 
245 1 0 |a Testovanie rezných nástrojov vyrobených aditívnou technológiou 
260 |c 2023 
650 4 |a rezné nástroje  |2 slo 
650 4 |a trieskové obrábanie  |2 slo 
650 4 |a martenzitická oceľ  |2 slo 
650 4 |a aditívna výroba  |2 slo 
650 4 |a additive manufacturing  |2 eng 
650 4 |a cutting tools  |2 eng 
650 4 |a chip machining  |2 eng 
650 4 |a maraging steel  |2 eng 
700 1 |a Pokorný, Peter  |u 063200  |k Z1  |4 ths  |U MTF Ústav výrobných technológií  |T MTF Katedra obrábania a počítačovej podpory technológií  |X 2771  |U M3200  |Y 164  |7 A000002771 
856 4 |u http://is.stuba.sk/zp/portal_zp.pl?podrobnosti=171039 
996 |c M* DP-15079  |l MMSKP  |s P  |a 0  |w stuzp93360_0001